| 000 | 00634nam a22002057a 4500 | ||
|---|---|---|---|
| 005 | 20131011112934.0 | ||
| 010 | _aENG-107928 | ||
| 020 |
_c795.00 _a9788180388194 |
||
| 035 | _aEN-91461 | ||
| 037 | _bDBAD/PUB | ||
| 082 | _a347.54077 | ||
| 100 | _aBhadbhade, Nilima | ||
| 245 | 0 | 0 |
_aPollock & Mulla the Specific Relief Act, 1963 / _cby Nilima Bhadbhade |
| 250 | _a14th ed | ||
| 260 |
_aGurgaon _bLexis Nexis _c2013 |
||
| 270 |
_a14th Floor, Bldg. No.10, Tower-B, DLF Cyber City, Phase-II _bGurgaon _e122002 |
||
| 300 |
_axcviii,483p. _c25cm(Hb) |
||
| 500 | _aIncludes index | ||
| 942 |
_2ddc _cEN _mBHA _h347.54077 |
||
| 999 |
_c77367 _d77367 |
||